Demänovská dolina Jasná - Luková, chata Odboj, hotel Bystrina, Chopok /2024 m/

Demänovská dolina v zime

Bibliographic Details
Other Authors: Zibrin, Zdeno (fotograf) (Photographer)
Format: Photo
Language:Slovak
PhysicalDescription:1 pohľadnica (4 čiastkové pohľady) farebná 11 x 15 cm
Published: Bratislava Pressfoto 1987
Subjects:

MARC

LEADER 00000ckm a2200000 a 4500
001 vtls001201840
003 SK-MaSNL
005 20260331203149.0
007 kf co
008 231121s1987 xo g 0kuslo
015 |a SNBG1987 
035 |a SNK000144910 
035 |a urn:nbn:sk:snk-km004z5t 
035 |a 34E88E73-4D3B-47F7-913A-40C432381AD6 
035 |a urn:nbn:sk:snk-kmtfgp 
040 |a SNK  |b slo  |c SNK  |e AACR2 
041 0 |a slo 
043 |a e-xo--- 
044 |a xo  |c SK 
080 |a 913(437.6-191.2)  |2 2001 
080 |a (084.121)  |2 2001 
100 1 |a Zibrin, Zdeno  |c (fotograf)  |4 pht  |9 283305 
245 1 0 |a Demänovská dolina  |h grafika  |b Jasná - Luková, chata Odboj, hotel Bystrina, Chopok /2024 m/  |c foto Z. Zibrin ; výtvarný návrh: M. Menclová 
260 |a Bratislava  |b Pressfoto  |c 1987 
300 |a 1 pohľadnica (4 čiastkové pohľady)  |b farebná  |c 11 x 15 cm 
520 8 |a Demänovská dolina v zime 
651 7 |a Demänovská dolina (Slovensko)  |2 SNKPHgeo  |9 67586 
655 7 |a geografické pohľadnice  |2 SNKPH  |9 70522 
700 1 |a Menclová, Milica  |c (ilustrátorka)  |4 oth  |9 12815 
852 |a Slovenská národná knižnica 
954 |a pohľadnice pôvodné (slovenské)  |2 lita 
958 |a GBN 
958 |a GC 
958 |a OND 
958 |a EUIPO 
999 |c 770039  |d 771969 
952 |t P60, <04>, [BOOK], {604}  |a SNK  |b SNK  |y PREZ  |7 0  |p 17A0263430  |o snkSP 139701 D1  |0 0  |1 0  |4 0  |d 2000-12-21  |f 1  |l 0  |r 2005-01-01 00:00:00  |w 2026-02-24